[Event "IRL-ch Weekender op"]
[Site "Dublin"]
[Date "2018.08.11"]
[Round "2.15"]
[White "Paronyan, Vahe"]
[Black "Gallagher, Matthew"]
[Result "0-1"]
[WhiteElo "1696"]
[BlackElo "1594"]
[PlyCount "86"]
[EventDate "2018.08.10"]
[EventType "swiss"]
[EventRounds "5"]
[EventCountry "IRL"]
[SourceTitle "EXT 2023"]
[Source "ChessBase"]
[SourceDate "2022.10.05"]
[SourceVersion "1"]
[SourceVersionDate "2022.10.05"]
[SourceQuality "1"]

1. e4 c6 2. d4 d5 3. Nc3 dxe4 4. Nxe4 Bf5 5. Ng3 Bg6 6. Nf3 Nd7 7. Be2 e6 8. 0-0 Bd6 9. c4 Ngf6 10. b3 0-0 11. Nh4 Be4 12. f4 h6 13. Nxe4 Nxe4 14. Qd3 Qxh4 15. Qxe4 Qe7 16. Rf3 Nf6 17. Qd3 c5 18. Bd2 cxd4 19. Rg3 Rad8 20. Rf1 Rfe8 21. Bd1 Qc7 22. Bc2 Kf8 23. b4 b6 24. Rc1 Bxf4 25. Bxf4 Qxf4 26. Rf1 Qe5 27. Ba4 Re7 28. Rxf6 gxf6 29. Qd2 Rc7 30. Qxh6+ Ke7 31. Qc1 d3 32. Qd2 Rxc4 33. Re3 Qc3 34. Qxc3 Rxc3 35. Kf2 Rc1 36. Re1 d2 37. Rd1 Rxd1 38. Bxd1 Kd6 39. Ke2 Kc6 40. a4 b5 41. Bc2 Rd4 42. axb5+ Kxb5 43. Bd3+ Rxd3 0-1

[Event "Dublin Irish New Year IM"]
[Site "Dublin"]
[Date "2018.01.07"]
[Round "8"]
[White "Paronyan, Vahe"]
[Black "Sodoma, Jan"]
[Result "0-1"]
[WhiteElo "1773"]
[BlackElo "2349"]
[PlyCount "44"]
[EventDate "2018.01.03"]
[EventType "tourn"]
[EventRounds "9"]
[EventCountry "IRL"]
[SourceTitle "CBM 182 Extra"]
[Source "ChessBase"]
[SourceDate "2018.02.23"]
[SourceVersion "1"]
[SourceVersionDate "2018.02.23"]
[SourceQuality "1"]

1. e4 e5 2. Nf3 Nc6 3. Bc4 Bc5 4. Nxe5 Nxe5 5. d4 Nxc4 6. dxc5 Ne5 7. 0-0 Qe7 8. b4 a5 9. Bb2 Nf6 10. f4 Nc4 11. Bxf6 Qxf6 12. e5 Qc6 13. Qd4 b5 14. c3 Bb7 15. Rf2 0-0 16. Nd2 Nxd2 17. Rxd2 Rfd8 18. Rf1 axb4 19. cxb4 Ra3 20. f5 Qe4 21. Rf4 Qe1+ 22. Rf1 Qe3+ 0-1

[Event "Dublin Irish New Year IM"]
[Site "Dublin"]
[Date "2018.01.06"]
[Round "6"]
[White "Paronyan, Vahe"]
[Black "Li, Henry"]
[Result "0-1"]
[WhiteElo "1773"]
[BlackElo "2127"]
[PlyCount "96"]
[EventDate "2018.01.03"]
[EventType "tourn"]
[EventRounds "9"]
[EventCountry "IRL"]
[SourceTitle "CBM 182 Extra"]
[Source "ChessBase"]
[SourceDate "2018.02.23"]
[SourceVersion "1"]
[SourceVersionDate "2018.02.23"]
[SourceQuality "1"]

1. e4 e5 2. Nf3 Nc6 3. Bc4 Nf6 4. 0-0 Nxe4 5. Re1 d5 6. Bb5 Bc5 7. d4 exd4 8. Nxd4 0-0 9. Bxc6 bxc6 10. Be3 Qf6 11. Nd2 Nxf2 12. Qf3 Bxd4 13. Bxd4 Qxd4 14. Qxf2 Qxf2+ 15. Kxf2 Be6 16. Nf3 Rab8 17. b3 c5 18. Ne5 c4 19. Rad1 cxb3 20. axb3 Rb5 21. Ra1 a5 22. Re2 Ra8 23. Nc6 Ra6 24. Nd4 Rb8 25. Rae1 Rbb6 26. c4 dxc4 27. bxc4 c5 28. Nb5 Rc6 29. Rd2 g6 30. Rc1 Kg7 31. Ke3 Kf6 32. Rf2+ Ke7 33. Rd2 Rc8 34. Rcd1 Rb8 35. Nc7 Rc6 36. Nd5+ Bxd5 37. Rxd5 Rb3+ 38. Kf4 Rc3 39. Kg5 Rxc4 40. Rd7+ Ke6 41. Rd8 f6+ 42. Kh6 Rh4+ 43. Kg7 Rc7+ 44. Kf8 Rd4 45. Re1+ Kf5 46. Rf1+ Kg5 47. Re8 c4 48. g3 f5 0-1

[Event "Dublin Irish New Year IM"]
[Site "Dublin"]
[Date "2018.01.05"]
[Round "4"]
[White "Lu, Maximillian"]
[Black "Paronyan, Vahe"]
[Result "1-0"]
[WhiteElo "2155"]
[BlackElo "1773"]
[PlyCount "107"]
[EventDate "2018.01.03"]
[EventType "tourn"]
[EventRounds "9"]
[EventCountry "IRL"]
[SourceTitle "CBM 182 Extra"]
[Source "ChessBase"]
[SourceDate "2018.02.23"]
[SourceVersion "1"]
[SourceVersionDate "2018.02.23"]
[SourceQuality "1"]

1. Nf3 d5 2. d4 g6 3. c4 Bg7 4. cxd5 Qxd5 5. Nc3 Qd8 6. Bf4 Nf6 7. e4 Bg4 8. Be2 c6 9. h3 Bxf3 10. Bxf3 0-0 11. 0-0 e6 12. Qd2 Nbd7 13. Rfd1 Nb6 14. Rac1 Rc8 15. Ne2 Qd7 16. Qa5 Ra8 17. Rc2 h6 18. h4 Rfd8 19. Nc1 Qe7 20. Bg3 h5 21. Be5 Ng4 22. Bxg7 Kxg7 23. Bxg4 hxg4 24. Qe5+ Qf6 25. Qxf6+ Kxf6 26. e5+ Kg7 27. Kh2 Rac8 28. Nb3 Nd5 29. a3 Kh6 30. Kg3 Kh5 31. Nc5 Ne7 32. Nxb7 Nf5+ 33. Kf4 Rxd4+ 34. Rxd4 Nxd4 35. Rd2 Nf5 36. g3 Rc7 37. Nc5 Ne7 38. Rd8 Nd5+ 39. Ke4 Kh6 40. Kd4 Kg7 41. b4 Nb6 42. Rd6 Nd5 43. Na6 Rc8 44. Rd7 Nb6 45. Rxa7 Rd8+ 46. Kc5 Nc8 47. Rc7 Kf8 48. Kxc6 Ne7+ 49. Rxe7 Kxe7 50. b5 Rd3 51. b6 Rxa3 52. Nc5 Ra2 53. b7 Rb2 54. Kc7 1-0

[Event "Dublin Irish New Year IM"]
[Site "Dublin"]
[Date "2018.01.03"]
[Round "1"]
[White "Paronyan, Vahe"]
[Black "Brady, Stephen"]
[Result "0-1"]
[WhiteElo "1773"]
[BlackElo "2359"]
[PlyCount "94"]
[EventDate "2018.01.03"]
[EventType "tourn"]
[EventRounds "9"]
[EventCountry "IRL"]
[SourceTitle "CBM 182 Extra"]
[Source "ChessBase"]
[SourceDate "2018.02.23"]
[SourceVersion "1"]
[SourceVersionDate "2018.02.23"]
[SourceQuality "1"]

1. e4 e6 2. d4 d5 3. Nc3 Bb4 4. e5 Ne7 5. Bd3 c5 6. Bb5+ Bd7 7. Bxd7+ Nxd7 8. Nf3 0-0 9. 0-0 cxd4 10. Qxd4 Nc6 11. Qg4 Bxc3 12. Bh6 g6 13. Bxf8 Bxb2 14. Rab1 Ncxe5 15. Nxe5 Nxe5 16. Qb4 Qxf8 17. Qxb2 Nc4 18. Qd4 b6 19. Rb3 Rc8 20. Rh3 Qg7 21. c3 h5 22. Rd1 Nd6 23. Rhd3 Ne4 24. Qxg7+ Kxg7 25. Rc1 Kf6 26. Kf1 Rc4 27. f3 Nd6 28. Ke2 Nf5 29. Rb1 Rh4 30. h3 Ra4 31. Rb2 h4 32. Rdd2 Rc4 33. Rd3 Ke5 34. Rb4 Rc5 35. a4 g5 36. Rb5 Rxb5 37. axb5 Nd6 38. Rd4 Nxb5 39. Rg4 Kf5 40. Kd3 Nd6 41. f4 Ne4 42. Ke3 f6 43. fxg5 fxg5 44. c4 a5 45. cxd5 exd5 46. Ke2 d4 47. Ke1 b5 0-1